Statistics for US States With Anti-Adultery Laws

Click here to take the quiz!

General Stats

  • This quiz has been taken 33 times
    (25 since last reset)
  • The average score is 19 of 21

Answer Stats

Answer % Correct
Georgia
100%
Kansas
100%
Mississippi
100%
Alabama
94%
Oklahoma
94%
Minnesota
94%
Florida
94%
Arizona
94%
Idaho
94%
South Carolina
88%
Virginia
88%
Utah
88%
North Carolina
88%
New York
88%
Maryland
88%
Massachusetts
88%
Michigan
88%
New Hampshire
88%
Rhode Island
81%
Illinois
81%
Wisconsin
75%

Score Distribution

Percentile by Number Answered

Percent of People with Each Score

Your Score History

You have not taken this quiz since the last reset